00395nam a2200133Ia 4500003000400000005001700004008004100021040001800062041000800080100005100088110002200139245008000161260002000241OSt20230602104454.0211028s2012 xx 000 0 und d cAIMIT LIBRARY aeng aShetty, Pratheeka; Dsouza, Manibushan.e101925 aManibushan Dsouza aDesign and implementation of messages, polls and wall portlets for liferay. aMangalorec2012